00696nam a2200205 a 450000100060000000300090000600800410001502000150005604000280007108200160009910000370011524500400015225000060019226000400019830000080023850501790024665000170042565000290044265000190047121715CO-ViMGA141112s2004 ck r 000 u spa d a9586762742 aCO-ViMGAbspacCO-ViMGA04a340.6 A548m1 aAngulo González, Ruben Darío10aMedicina forense y criminalística a2 aBogotá : bDoctrina y ley, c2004 a523 aHistoria de la medicina legal en Colombia 6 - - La responsabilidad medica 19 - - Perito medico 28 - - Descripción topográfica del cuerpo humano 83 - - Tanatología 221 14aCRIMINOLOGIA14aInvestigación CRIMINAL14aMEDICINA LEGAL